000 00648 a2200205 4500
010 _aENG-88934
020 _c335.00
035 _aEN-72467
037 _bDBAD / PUB
082 1 4 _a591
090 _c9674
_d9674
100 1 _aNarang, Ramesh C.
245 1 _aDisha's zoology for PMTs /
_cby Ramesh C. Gupta
250 _a4th ed.
260 _aNew Delhi
_bDisha Publications
_c2008
270 _aB-32, Basemant, Shivalik Main Road, Malviya Nagar,
_cNew Delhi
_e110 017
300 _a868p.;
_c25 cm (pbk)
942 _adpl
_cEN
_k591 / NAR
999 _c9498
_d9498